Handwritten Historical Document Analysis, Recognition, and Retrieval-State of the Art and Future Trends /

Salvato in:
Dettagli Bibliografici
Autori principali: Fischer, Andreas (Autore), Liwicki, Marcus (Autore), Ingold, Rolf (Autore)
Natura: Libro
Lingua:inglese
Pubblicazione: Singapore : World Scientific, 2021
Tags: Aggiungi Tag
Nessun Tag, puoi essere il primo ad aggiungerne!!

MARC

LEADER 00000nam a22000003a 4500
001 0087860
003 SK-STU
005 20210413130940.4
007 ta
008 210413s ----xo-----e------000-0-----d
020 |a 978-981-120-323-7 
040 |a STU  |b slo 
041 0 |a eng 
044 |a si 
100 1 |a Fischer, Andreas  |4 aut 
245 1 0 |a Handwritten Historical Document Analysis, Recognition, and Retrieval-State of the Art and Future Trends /  |c aut. Andreas Fischer, Marcus Liwicki, Rolf Ingold 
260 |a Singapore :  |b World Scientific,  |c 2021 
300 |a 254 s. 
700 1 |a Liwicki, Marcus  |r Z6  |4 aut 
700 1 |a Ingold, Rolf  |r Z6  |4 aut 
996 |b 284EK90254  |c E* 90254  |l EE35  |s P  |a 0  |w 0087860_0001